Anar al contingut
Inicio
Centros participantes
Catálogo
Servicios
Contacto
Iniciar sessió
English
Deutsch
Español
Français
Italiano
日本語
Nederlands
Português
Português (Brasil)
中文(简体)
中文(繁體)
Türkçe
עברית
Gaeilge
Cymraeg
Ελληνικά
Català
Euskara
Русский
Čeština
Suomi
Svenska
polski
Dansk
slovenščina
اللغة العربية
বাংলা
Galego
Tiếng Việt
Hrvatski
हिंदी
Հայերէն
Українська
Sámegiella
Idioma
Tots els camps
Títol
Autor
Matèria
Signatura
ISBN/ISSN
Etiqueta
Trobar
Avançada
Seminario Internacional sobre...
Citar
Enviar per correu electrònic aquest
Imprimir
Exportar registre
Exportar a RefWorks
Exportar a EndNoteWeb
Exportar a EndNote
Afegir a favorits
Enllaç permanent
Áfegeix la primera valoració
Seminario Internacional sobre Estado y Derecho en un período de transformación
Guardat en:
Dades bibliogràfiques
Format:
Text
Matèries:
POLITICA
ESTADO
DERECHO
TEORIA
CHILE
Etiquetes:
Afegir etiqueta
Sense etiquetes, Sigues el primer a etiquetar aquest registre!
Fons
Descripció
Comentaris
Ítems similars
Visualització del personal
MARC
LEADER
00000 a a2200000 04500
001
11066
003
040
245
|a
Seminario Internacional sobre Estado y Derecho en un período de transformación
650
|a
POLITICA
650
|a
ESTADO
650
|a
DERECHO
650
|a
TEORIA
650
|a
CHILE
773
|g
volumen 8, número 22; páginas 211-223
999
|c
31665
|d
31665
Ítems similars
La problemática actual del Estado y del derecho en Chile /
per: Lechner, Norberto
El derecho internacional humanitario y las operaciones de mantenimiento de la paz de las Naciones Unidas /
per: Marowski, Carl
Derecho internacional, impunidad y responsabilidad del Estado /
per: Faúndez Ledesma, Héctor
II Seminario Interamericano sobre Seguridad del Estado, Derecho Humanitario y Derechos Humanos en Centro América /
Publicat: (1985)
Los Derechos humanos y el estado de derecho en Honduras: teoría y realidad /
per: Mejía Rivera, Joaquín A.
Publicat: (2007)